GBB Beatboxers - Statistics

General Stats
  • This quiz has been taken 93 times
  • The average score is 15 of 16
Answer Stats
Picture Answer % Correct
D-low
100%
Codfish
99%
NaPom
99%
Alexinho
97%
Alem
96%
B-art
96%
Colaps
96%
FootboxG
96%
River
96%
Helium
94%
King Inertia
94%
Hiss
93%
Zekka
91%
Elisii
85%
Zer0
85%
Vocodah
76%
No matching quizzes found
Score Distribution
Percent of People with Each Score
Percentile by Number Answered
Your Score History
You have not taken this quiz